000 00744nam a2200217Ia 4500
003 GCL
008 140319s9999 xx 000 0 ara d
040 _aGCL /
_cGCL
082 0 4 _a258.2
_bق ك
100 1 _aعبدالمجيد تركى
245 1 0 _aكتاب الجامع فى السنن والادب والحكم والمغازى والتاريخ وغير ذلك /
_cعبدالمجيد تركى
700 1 _aالقيروانى, ابن ابى زيد عبدالله
300 _a635 ص
490 _a
650 0 4 _aالفتوحات الاسلامية
650 0 4 _aالفقه الاسلامى
650 0 4 _aالفقه المالكى
650 0 4 _aالغزوات الاسلامية
650 0 4 _aالمالكية
942 _2ddc
_cBK
999 _c37553
_d37553